000 00263nam a22001097a 4500
005 20251015094917.0
008 251015b |||||||| |||| 00| 0 eng d
040 _cPK-LaNCA
082 _a720.92
_bJOR
245 _aJorn Utzon: drawings and buildings
942 _cBK
999 _c67110
_d67110